000 00753nam a2200241Ia 4500
003 GCL
008 140319s9999 xx 000 0 ara d
040 _aGCL /
_cGCL
082 0 4 _a672.25
_bم ا
100 1 _aمنير احمد عرفة
245 1 0 _aاصول سباكة الحديد والصلب /
_cمنير احمد عرفة
260 _a[S.N] :
_bدار المعارف ،
_c1980
300 _a162 ص
490 _aالمعارف التكنولوجية
_v0
650 0 4 _aالحديد
650 0 4 _aحديد الزهر
650 0 4 _aحديد الزهر المطاوع
650 0 4 _aالمعالجة الحرارية
650 0 4 _aسبك المعادن
650 0 4 _aالصهر
650 0 4 _aالحديد والصلب
942 _2ddc
_cBK
999 _c56194
_d56194